Alle Spieler von VfB Stuttgart seit 00/01 - Statistiken

Allgemein
  • Dieses Quiz wurde 75 mal gespielt
  • Das Durchschnittsergebnis liegt bei 81 aus 287
Antwortstatistiken
VfB Stuttgart % Korrekt
Deniz Undav
95%
Mario Gomez
91%
Alexander Nübel
88%
Cacau
86%
Chris Führich
86%
Maximilian Mittelstädt
83%
Josha Vagnoman
81%
Timo Hildebrand
81%
Jamie Leweling
79%
Waldemar Anton
79%
Angelo Stiller
78%
Atakan Karazor
76%
Rani Khedira
76%
Sami Khedira
76%
Serhou Guirassy
76%
Christian Gentner
72%
Ermedin Demirovic
72%
Jeff Chabot
71%
Jens Lehmann
71%
Fabian Bredlow
67%
Florian Müller
67%
Nick Woltemade
67%
Wataru Endo
67%
Hiroki Ito
66%
Benjamin Pavard
64%
Fernando Meira
64%
Sven Ulreich
64%
Philipp Lahm
62%
Arthur Boka
60%
Borna Sosa
60%
Enzo Millot
60%
Kevin Kuranyi
60%
Martin Harnik
60%
Serdar Tasci
60%
Thomas Hitzlsperger
60%
Tiago Tomas
60%
Krasimir Balakov
59%
Ramon Hendriks
59%
Daniel Didavi
57%
Konstantinos Mavropanos
57%
Timo Werner
57%
Tobias Werner
57%
Pascal Stenzel
55%
Bilal El Khannouss
53%
Chema Andres
53%
Finn Jeltsch
53%
Przemyslaw Tyton
53%
Sasa Kalajdzic
53%
Michael Langer
52%
Pavel Pardo
52%
Ricardo Osorio
52%
Silas
52%
Daniel Ginczek
50%
Ludovic Magnin
50%
Mitchell Langerak
50%
Roberto Hilbert
50%
Aleksandr Hleb
48%
Alexandru Maxim
48%
Andreas Beck
48%
Andreas Hinkel
48%
Badredine Bouanani
48%
Lorenz Assignon
48%
Matthieu Delpierre
48%
Nikolas Nartey
48%
Zdravko Kuzmanovic
48%
Antonio Rüdiger
47%
Gregor Kobel
47%
Dan-Axel Zagadou
45%
Raphael Schäfer
45%
Vedad Ibisevic
45%
Ciprian Marica
43%
Georg Niedermeier
43%
Julian Schieber
43%
Cristian Molinaro
41%
Geoffroy Serey Die
41%
Holger Badstuber
41%
Ron-Robert Zieler
41%
Zvonimir Soldo
41%
Simon Terodde
40%
Antonio Da Silva
38%
Pavel Pogrebnyak
38%
Shinji Okazaki
38%
Chadrac Akolo
36%
Gonzalo Castro
36%
Gotoku Sakai
36%
Ibrahima Traore
36%
Leonidas Stergiou
36%
Mauro Camoranesi
36%
Nico Gonzalez
36%
Omar Marmoush
36%
Santiago Ascacibar
36%
Timo Baumgartl
36%
Carlos Mane
34%
Luca Jaquez
34%
Orel Mangala
34%
William Kvist
34%
Khalid Boulahrouz
33%
Marco Streller
33%
Yannik Keitel
33%
Yildiray Bastürk
33%
Anastasios Donis
31%
Daniel Schwaab
31%
Dennis Aogo
31%
Jon Dahl Tomasson
31%
Marcelo Bordon
31%
Markus Babbel
31%
Mateo Klimowicz
31%
Ozan Kabak
31%
Christian Träsch
29%
Emiliano Insua
29%
Florian Klein
29%
Genki Haraguchi
29%
Sebastian Rudy
29%
Ameen Al-Dakhil
28%
Carlos Gruezo
28%
Filip Kostic
28%
Jacob Bruun Larsen
28%
Marc Ziegler
28%
Robbie Kruse
28%
Erik Thommy
26%
Gil Dias
26%
Lazar Jovanovic
26%
Marc Oliver Kempf
26%
Martin Lanig
26%
Takuma Asano
26%
Tamas Hajnal
26%
El Bilal Toure
24%
Francisco Rodriguez
24%
Josip Brekalo
24%
Kevin Großkreutz
24%
Philipp Klement
24%
Raphael Holzhauser
24%
Thomas Schneider
24%
Timo Gebhart
24%
Woo-Yeong Jeong
24%
Heiko Gerber
22%
Jovan Milosevic
22%
Lilian Egloff
22%
Mohammed Abdellaoue
22%
Odysseas Vlachodimos
22%
Roberto Massimo
22%
Silvio Meißner
22%
Tanguy Coulibaly
22%
Toni Sunjic
22%
Anthony Rouault
21%
Berkay Özcan
21%
Fabian Rieder
21%
Frans Krätzig
21%
Justin Diehl
21%
Karim Haggui
21%
Marcin Kaminski
21%
Moritz Leitner
21%
Naouirou Ahamada
21%
Pablo Maffeo
21%
Thomas Kastanaras
21%
Wahid Faghir
21%
Anrie Chase
19%
Benjamin Lauth
19%
Elson
19%
Horst Heldt
19%
Ionel Ganea
19%
Jan Simak
19%
Alexander Farnerud
17%
Clinton Mola
17%
Danijel Ljuboja
17%
Darko Churlinov
17%
Jean Zimmer
17%
Martin Stranzl
17%
Oriol Romeu
17%
Philipp Förster
17%
Sean Dundee
17%
Steven Zuber
17%
Sven Schipplock
17%
Alexander Esswein
16%
Christian Tiffert
16%
Daniel Bierofka
16%
Ewerthon
16%
Federico Macheda
16%
Jan Kliment
16%
Kevin Stöger
16%
Konstantin Rausch
16%
Laurin Ulrich
16%
Mahmoud Dahoud
16%
Mamadou Bah
16%
Matthias Zimmermann
16%
Mohamed Sankoh
16%
Sergiu Radu
16%
Stefano Celozzi
16%
Adam Hlousek
14%
Adhemar
14%
Artem Kravets
14%
Hakan Yakin
14%
Jesper Gronkjaer
14%
Johan Audel
14%
Julian Green
14%
Jurica Vranjes
14%
Luca Raimund
14%
Manuel Fischer
14%
Marvin Wanitzek
14%
Philipp Degen
14%
Thorsten Kirschbaum
14%
Tunay Torun
14%
Ailton
12%
Anto Grgic
12%
Dirk Heinen
12%
Federico Barba
12%
Hajime Hosogai
12%
Hamadi Al-Ghaddioui
12%
Imre Szabics
12%
Maxime Awoudja
12%
Timo Wenzel
12%
Diego Benaglio
10%
Dzenis Burnic
10%
Ebenezer Ofori
10%
Julian Schuster
10%
Nat Phillips
10%
Sercan Sararer
10%
Thomas Ernst
10%
Tim Hoogland
10%
Boris Zivkovic
9%
Bradley Carnell
9%
Ioannis Amanatidis
9%
Krisztian Lisztes
9%
Luca Pfeiffer
9%
Lukas Rupp
9%
Momo Cisse
9%
Patrick Bauer
9%
Patrick Funk
9%
Antonis Aidonis
7%
Arianit Ferati
7%
Benedikt Röcker
7%
Benjamin Boakye
7%
Ermin Bicakcic
7%
Jarzinho Malanga
7%
Jens Todt
7%
Jochen Endreß
7%
Jochen Seitz
7%
Juan Jose Perea
7%
Leon Dajaku
7%
Luca Mack
7%
Nunoo Sarpei
7%
Ömer Beyaz
7%
Samuele Di Benedetto
7%
Stephen Sama
7%
Ahmed Salah Hosny
5%
Alexander Stolz
5%
Alexis Tibidi
5%
Alou Kuol
5%
Boris Tashchy
5%
Emanuel Centurion
5%
Felipe Lopes
5%
Georges Mandjeck
5%
Marco Pischorn
5%
Mart Ristl
5%
Pascal Breier
5%
Robin Yalcin
5%
Rüdiger Kauf
5%
Steffen Handschuh
5%
Bernd Nehrig
3%
Clemens Walch
3%
Jerome Kiesewetter
3%
Marijan Kovacevic
3%
Markus Husterer
3%
Michael Mutzel
3%
Michael Rundio
3%
Pablo Thiam
3%
Pavel Kuka
3%
Philip Heise
3%
Roberto Pinto
3%
Rui Marques
3%
Serge Branco
3%
Steffen Dangelmayr
3%
Angelo Vaccaro
2%
Christoph Hemlein
2%
Fabio Morena
2%
Giuseppe Catizone
2%
Gledson
2%
Kristijan Djordjevic
2%
Mario Carevic
2%
Peter Perchtold
2%
Robert Vujevic
2%
Soufian Benyamina
2%
Stefan Blank
2%
David Pisot
0%
Marvin Braun
0%
Matej Maglica
0%
Steffen Kocholl
0%
Keine übereinstimmenden Quizze gefunden
Verteilung der Resultate
Anzahl Personen mit jedem Resultat
Perzentil nach korrekt beantworteten Fragen
Ihre Resultats-Entwicklung
Sie haben dieses Quiz noch nicht gespielt